MDQL
is popping MORE tags! Check the
thread
!
Quizzes
Events
Quiz Creation
Community
Videos
Private Events
Remove Ads
Sign In
Join for FREE
Feedback
Dark Mode
Quiz Categories
Sports
Geography
Music
Movies
Television
Just For Fun
Miscellaneous
History
Literature
Language
Science
Gaming
Entertainment
Religion
Holiday
For Kids
Quiz Lab
Recent
Popular Today
Quiz Kudos Today
Editor Picks
Curator Picks
Quizzes by...
Day
Popularity
Type
Ratings
Length
Year
Community
Subscriptions
Recent Discussions
Orange Saloon
Badges
Playlists
Quests
Create
Leaderboards
Showdown
Live 5
Trivia Bingo
Activity
Puzzle Library
Sporcle Events
Private Events
Virtual Trivia
Globe League
Become a Host
Pub Owners
SporcleCon
Opinionation
Our Games
Videos
Blog
Mobile Apps
Partnerships
Remove Ads and Go Orange
Feedback
Sports
Athletes
MLB
NBA
NHL
NFL
Soccer
Sports Teams
WWE
NCAA
Football
Premier League
Basketball
Baseball
Hockey
Golf
Tennis
Cricket
Rugby
Auto Racing
Olympics
World Cup
Sports
Athletes
MLB
NBA
NHL
NFL
Soccer
Sports Teams
WWE
NCAA
Football
Premier League
Basketball
Baseball
Hockey
Golf
Tennis
Cricket
Rugby
Auto Racing
Olympics
World Cup
Random Quiz
Search Sporcle
×
Quiz Lab
Quiz Lab
Sports
cidade
Type in answers that appear in a list
Type in answers that appear in a list
Classic
Best Score? Go Orange.
All Catarinense teams since 1969 Stats
Can you name the All Catarinense teams since 1969?
By
luca7x
8m
55 Questions
193 Plays
193 Plays
193 Plays
Comments
Comments
Give Quiz Kudos
Give Quiz Kudos
-
- Ratings
hide this ad
Replay
Link that replays current quiz
Next Quiz
Link to next quiz in quiz playlist
You Got
0%
They Got
Avg Score
47%
Avg Friend Score
Upgrade to see
Score Distribution
Jump to the score distribution portion of the page
Score
0/55
Timer
08:00
0
Plays Today
Último ano
Time
% Correct
2023
Avaí
99.5%
2023
Chapecoense
97.4%
2023
Figueirense
95.9%
2023
Criciúma
93.3%
2023
Joinville
91.2%
2023
Brusque
88.6%
2005
Tubarão
83.9%
2023
Barra
83.3%
1969
Metropol
81.9%
2018
Internacional
80.8%
2023
Marcílio Dias
80.8%
2023
Atlético Catarinense
80%
2021
Metropolitano
79.8%
1998
Blumenau
72.5%
2023
Hercílio Luz
72.5%
2023
Camboriú
66.8%
2023
Concórdia
66.8%
2017
Almirante Barroso
66.3%
2016
Guarani
65.8%
2022
Juventus
65.8%
1985
Juventus
65.8%
1978
Guarani
65.8%
1970
Guarani
65.8%
2004
Caxias
59.6%
2015
Atlético Ibirama
58%
2022
Próspera
56%
1975
América
54.9%
2020
Atlético Tubarão
50.3%
Último ano
Time
% Correct
1984
Carlos Renaux
50.3%
2005
Lages
46.1%
1978
Operário
43.5%
1995
Caçadorense
41.5%
2001
Joaçaba
39.4%
2011
Imbituba
37.8%
2002
Kindermann
37.8%
1969
Perdigão
36.8%
1991
Ferroviário
36.3%
2003
Alto Vale
34.2%
1995
Araranguá
28%
2005
União
26.9%
1969
Comercial
24.4%
2004
Tiradentes
23.8%
1970
Olímpico
23.3%
1999
Botafogo
20.7%
1987
Paysandu
20.2%
1981
Mafra
19.2%
2002
Fraiburgo
18.1%
2002
Atlético Chapecó
16.6%
1969
Cruzeiro
10.9%
1995
Tupi
9.8%
1995
Sombrio
8.8%
1969
Vasco da Gama
7.8%
1977
Xanxerense
7.3%
2002
Águia do Vale
4.7%
1977
Palmitos
1.6%
Quiz Playlist
Details
Report
Send in Message
Add To Playlist
Classic:
Type in answers that appear in a list
Last Updated: Apr 17, 2023
Quiz Scoreboard
CHALLENGE
Sign Up to Join the Scoreboard
Show All
Scores
Hide
Comments
May contain spoilers
Recently Published
Find the 'City' Movie
by crazypaving
Movies
60s
5x2 Blitz: Bands
by SL_Kpop136
Music
30s
Colored Red Africa Blitz
by spor1
Geography
30s
More to Explore
Quiz From the Vault
Featured Blog Post
14 Easter Pick-up Lines to Find Eggs With
hide this ad
You Might Also Like...
Tags
1970s
ano
cidade
team
Today's Top Quizzes in Sports
Browse Sports
hide this ad
Top Contributed Quizzes in Sports
1
Players with Multiple 50 Home Run Seasons
2
Who Needs Fielders?
3
Criteria MLB: Left Handed Sluggers
4
MLB Players with Two .350 Batting Average Seasons
5
Who Hit More Homers?
6
2020 F1 Drivers Logic Puzzle
7
NBA Teammate Connections
8
Premier League Clubs since 2000 (minefield)
9
MLB Teams by First Game
10
Top 10 NHL Goal Scorers of All Time
Explore More
Trending Topics
Anime
NBA
Crossword
Harry Potter
Disney
Kpop
Marvel
Puzzle
Song
NFL
The Office
Pokémon
WWE
Soccer
Country
hide this ad
More By:
luca7x
Quiz
Plays
Rating
Category
Featured
Created
All Catarinense teams since 1969
193
Sports
Apr 2, 2017
Times de futebol de Santa Catarina (1980-)
23
Sports
Apr 18, 2023
Go to Creator's Profile
Score Distribution
Quiz Creator Spotlight
luca7x
Follow
Send a Message
Quizzes Created
-
Created Quiz Play Count
-
More By This Creator
Popular Quizzes Today
1
Find the 'City' Movie
2
5x2 Blitz: Bands
3
Colored Red Africa Blitz
4
Find the US States - No Outlines Minefield
5
The Countries of the World
6
Find the US States
7
9x9 Crossword: Cartoon Network
8
US States
More Sports Quizzes
Allsvenskan Malmö FF XIs
Quiz Lab
Trending Quizzes
Colored Red Africa Blitz II
Colored Red Europe Blitz I
Colored Red Africa Blitz III
Colored Red Europe Blitz II
Colored Red Europe Blitz III
Recently Updated
Champions League XIs: Real Madrid
pecheneg
Largest US Cities 1790-2010
pecheneg
Rides in Walt Disney World
pecheneg
Most Oscar Losses (Acting)
pecheneg
Beyoncé Albums
pecheneg
Leaping Animals
pecheneg
Reality TV Shows (A-Z)
bhenderson79
Rickey Henderson's Hall of Fame Teammates
pecheneg
Champions League XIs: Arsenal
pecheneg
Quick Pick: Celebrities in WWE's Hall of Fame
aduchscher
Trending Topics
Disney
NBA
Crossword
Harry Potter
Marvel
Anime
Kpop
Country
Soccer
Puzzle
Pokémon
WWE
Song
NFL
The Office
Your Account Isn't Verified!
In order to create a playlist on Sporcle, you need to verify the email address you used during registration. Go to your
Sporcle Settings
to finish the process.
Report this User
Report this user for behavior that violates our
Community Guidelines
.
Details:
Send Report
Go to the Sporcle.com Mobile Site →
Comments